Germany National Football Team Best Scorer By Year - Statistics

General Stats
  • This quiz has been taken 1,360 times
    147 since last reset
  • The average score is 21 of 52
Answer Stats
Player % Correct
Dieter Müller
100%
Gerd Müller
100%
Thomas Müller
100%
Miroslav Klose
97%
Florian Wirtz
75%
Leroy Sané
75%
Mario Gómez
75%
Serge Gnabry
75%
Kai Havertz
74%
Lukas Podolski
73%
Karl-Heinz Rummenigge
71%
Niclas Füllkrug
71%
Lothar Matthäus
69%
Mesut Özil
64%
Michael Ballack
64%
Toni Kroos
64%
Franz Beckenbauer
61%
Jürgen Klinsmann
61%
Timo Werner
60%
Rudi Völler
58%
Oliver Bierhoff
54%
Nick Woltemade
48%
Uwe Seeler
44%
Fritz Walter
37%
Ottmar Walter
37%
İlkay Gündoğan
36%
Helmut Rahn
32%
Jupp Heynckes
26%
Klaus Fischer
26%
Karl-Heinz Riedle
23%
Andreas Möller
22%
Klaus Allofs
22%
Pierre Littbarski
21%
Kevin Kurányi
20%
Max Morlock
18%
Thomas Häßler
18%
Mehmet Scholl
17%
Wolfgang Overath
15%
Fredi Bobic
14%
Helmut Haller
9%
Aki Schmidt
6%
Rainer Bonhof
6%
Sigfried Held
5%
Erich Beer
4%
Charly Dörfel
3%
Georg Volkert
3%
Gerhard Siedl
2%
Heinz Strehl
2%
Herbert Burdenski
2%
Josef Röhrig
2%
Klaus-Dieter Sieloff
2%
Willi Schröder
2%
No matching quizzes found
Score Distribution
Percent of People with Each Score
Percentile by Number Answered
Your Score History
You have not taken this quiz since the last reset